[Event "Cavarzere op 15th"]
[Site "Cavarzere"]
[Date "2012.10.21"]
[Round "3"]
[White "Calicchia, Giovanni"]
[Black "Desideri, Alessandro"]
[Result "0-1"]
[WhiteElo "1885"]
[BlackElo "1800"]
[PlyCount "120"]
[EventDate "2012.10.20"]
[EventType "swiss"]
[EventRounds "6"]
[EventCountry "ITA"]
[SourceTitle "EXT 2015"]
[Source "ChessBase"]
[SourceDate "2014.11.20"]
[SourceVersion "1"]
[SourceVersionDate "2014.11.20"]
[SourceQuality "1"]

1. e4 c5 2. Nf3 d6 3. c3 Nf6 4. Be2 Nc6 5. d3 g6 6. 0-0 Bg7 7. d4 Nd7 8. Be3 0-0 9. Nbd2 a6 10. Nb3 b6 11. Re1 Qc7 12. Rc1 e5 13. h3 Ne7 14. Nbd2 Bb7 15. Bd3 b5 16. dxc5 dxc5 17. Nf1 Rad8 18. Qe2 c4 19. Bb1 Nc5 20. Ng3 Nd3 21. Bxd3 Rxd3 22. Rcd1 Rfd8 23. Rxd3 Rxd3 24. Rd1 Rxd1+ 25. Qxd1 Nc8 26. Qc1 f6 27. Bh6 Qd6 28. Bxg7 Kxg7 29. Qe3 Qb6 30. Qxb6 Nxb6 31. Kf1 Na4 32. Ke2 Nxb2 33. Ne1 Kf7 34. Kd2 Ke6 35. Kc2 Na4 36. f3 Nc5 37. Nf1 f5 38. exf5+ gxf5 39. Kd2 h5 40. h4 f4 41. g4 hxg4 42. fxg4 e4 43. Nc2 e3+ 44. Nfxe3 fxe3+ 45. Kxe3 Ke5 46. h5 Ne4 47. h6 Kf6 48. Kd4 Kg6 49. g5 Nxg5 50. Kc5 Ne4+ 51. Kb4 Kxh6 52. Ne3 Kg5 53. a4 Bc6 54. Ka5 Nxc3 55. Kxa6 Nxa4 56. Ka5 Kf4 57. Nc2 Ke4 58. Kb4 Kd3 59. Ne1+ Kd2 60. Nf3+ Bxf3 0-1

[Event "Cavarzere op 15th"]
[Site "Cavarzere"]
[Date "2012.10.20"]
[Round "1"]
[White "Calicchia, Giovanni"]
[Black "Martarello, Andrea"]
[Result "1-0"]
[WhiteElo "1885"]
[BlackElo "1467"]
[PlyCount "41"]
[EventDate "2012.10.20"]
[EventType "swiss"]
[EventRounds "6"]
[EventCountry "ITA"]
[SourceTitle "EXT 2015"]
[Source "ChessBase"]
[SourceDate "2014.11.20"]
[SourceVersion "1"]
[SourceVersionDate "2014.11.20"]
[SourceQuality "1"]

1. e4 e6 2. d4 d5 3. Nc3 c5 4. Nf3 dxe4 5. Nxe4 Nf6 6. Bd3 cxd4 7. Nxf6+ gxf6 8. Nxd4 e5 9. Nf5 e4 10. Bb5+ Bd7 11. Bxd7+ Nxd7 12. 0-0 Qb6 13. Be3 Qxb2 14. Bd4 Qb5 15. Qg4 Qd5 16. Rfe1 0-0-0 17. c4 Ne5 18. Ne7+ Kb8 19. Nxd5 Nxg4 20. Rxe4 f5 21. Rxg4 1-0

[Event "Cavarzere op 14th"]
[Site "Cavarzere"]
[Date "2011.10.23"]
[Round "6.5"]
[White "Zamengo, Fulvio"]
[Black "Calicchia, Giovanni"]
[Result "1/2-1/2"]
[WhiteElo "2002"]
[BlackElo "1845"]
[PlyCount "64"]
[EventDate "2011.10.15"]
[EventType "swiss"]
[EventRounds "6"]
[EventCountry "ITA"]
[SourceTitle "EXT 2023"]
[Source "ChessBase"]
[SourceDate "2022.10.05"]
[SourceVersion "1"]
[SourceVersionDate "2022.10.05"]
[SourceQuality "1"]

1. e4 c5 2. Nf3 Nc6 3. d4 cxd4 4. Nxd4 Qc7 5. Nc3 e6 6. Be3 Nf6 7. a3 Be7 8. Be2 0-0 9. 0-0 a6 10. f4 d6 11. Qe1 Bd7 12. Nb3 Rac8 13. Qg3 Kh8 14. Bd3 e5 15. f5 Na5 16. Nxa5 Qxa5 17. Qf3 Bc6 18. b4 Qd8 19. Nd5 Bxd5 20. exd5 Re8 21. c4 e4 22. Bxe4 Nxe4 23. Qxe4 Bf6 24. Qd3 Bxa1 25. Rxa1 Qe7 26. Bb6 Qh4 27. c5 Re1+ 28. Rxe1 Qxe1+ 29. Qf1 Qe3+ 30. Qf2 Qc1+ 31. Qf1 Qe3+ 32. Qf2 Qc1+ 1/2-1/2

[Event "Padova/Monselice Province 70th"]
[Site "Padova"]
[Date "2010.01.17"]
[Round "5.5"]
[White "Calicchia, Giovanni"]
[Black "Baybusinov, Izat"]
[Result "1-0"]
[WhiteElo "1886"]
[BlackElo "1467"]
[PlyCount "80"]
[EventDate "2010.01.15"]
[EventType "swiss"]
[EventRounds "5"]
[EventCountry "ITA"]
[SourceTitle "EXT 2024"]
[Source "ChessBase"]
[SourceDate "2023.10.10"]
[SourceVersion "1"]
[SourceVersionDate "2023.10.10"]
[SourceQuality "1"]

1. e4 e6 2. d4 d5 3. Nc3 Bb4 4. e5 c5 5. Bd2 cxd4 6. Nb5 Bc5 7. Qg4 Kf8 8. Nf3 Nc6 9. 0-0-0 a6 10. Nbxd4 Bxd4 11. Nxd4 Nxe5 12. Qg3 Ng6 13. h4 Nf6 14. f3 h5 15. Bd3 Ne7 16. Bg5 Qb6 17. Qe5 Nfg8 18. Be3 f6 19. Nb3 fxe5 20. Bxb6 Nf6 21. Rde1 Nc6 22. Bc7 Nd7 23. Bd6+ Ke8 24. g4 hxg4 25. Bg6+ Kd8 26. fxg4 e4 27. Ref1 Nde5 28. h5 Nxg6 29. hxg6 Rxh1 30. Rxh1 Kd7 31. Bf8 Ne5 32. Rh7 Nxg4 33. Bxg7 Kc6 34. Rh8 e3 35. Bc3 b5 36. g7 Nh6 37. Rxh6 Bd7 38. Rh8 e2 39. Rxa8 d4 40. Nxd4+ Kd5 1-0

[Event "Padova/Monselice Province 70th"]
[Site "Padova"]
[Date "2010.01.16"]
[Round "2.5"]
[White "Zanirato, Stefano"]
[Black "Calicchia, Giovanni"]
[Result "1/2-1/2"]
[WhiteElo "1918"]
[BlackElo "1886"]
[PlyCount "80"]
[EventDate "2010.01.15"]
[EventType "swiss"]
[EventRounds "5"]
[EventCountry "ITA"]
[SourceTitle "EXT 2024"]
[Source "ChessBase"]
[SourceDate "2023.10.10"]
[SourceVersion "1"]
[SourceVersionDate "2023.10.10"]
[SourceQuality "1"]

1. e4 c5 2. Nf3 Nc6 3. Bb5 Qc7 4. 0-0 Nf6 5. Nc3 e6 6. Bxc6 Qxc6 7. e5 Nd5 8. Ne2 a6 9. d3 Be7 10. c4 Nc7 11. Ng3 d5 12. Bg5 Bxg5 13. Nxg5 h6 14. Nh3 g6 15. Qf3 b6 16. Qf6 0-0 17. Qh4 Kg7 18. Qg4 Kh7 19. Nf4 Bb7 20. f3 Rad8 21. h4 Qd7 22. h5 g5 23. Nfe2 f5 24. exf6 Rxf6 25. f4 Rg8 26. fxg5 Rxg5 27. Qh3 Qf7 28. Rxf6 Qxf6 29. Rf1 Qg7 30. cxd5 Bxd5 31. Ne4 Bxe4 32. dxe4 Nb5 33. Rf2 Nd4 34. Nxd4 Qxd4 35. Qxe6 Qd1+ 36. Rf1 Qd4+ 37. Rf2 Qd1+ 38. Rf1 Qd4+ 39. Rf2 Qd1+ 40. Rf1 Qd4+ 1/2-1/2

[Event "Monselice Province-ch"]
[Site "Monselice"]
[Date "2009.01.11"]
[Round "4"]
[White "Viaggi, Stefano"]
[Black "Calicchia, Giovanni"]
[Result "1-0"]
[WhiteElo "1900"]
[BlackElo "1934"]
[PlyCount "41"]
[EventDate "2009.01.09"]
[EventType "swiss"]
[EventRounds "7"]
[EventCountry "ITA"]
[SourceTitle "EXT 2011"]
[Source "ChessBase"]
[SourceDate "2010.11.26"]
[SourceVersion "1"]
[SourceVersionDate "2010.11.26"]
[SourceQuality "1"]

1. d4 Nf6 2. Nf3 d5 3. e3 Nbd7 4. Bd3 e6 5. Nbd2 c5 6. b3 Qc7 7. Bb2 Bd6 8. Qe2 0-0 9. g4 e5 10. g5 e4 11. gxf6 exd3 12. Qxd3 Re8 13. fxg7 Nf6 14. dxc5 Be7 15. Ng5 Ne4 16. Ndxe4 dxe4 17. Qxe4 Qa5+ 18. b4 Bf5 19. Qxf5 Qxb4+ 20. c3 Qh4 21. Qxf7# 1-0

[Event "Padova Weekend op-B 8th"]
[Site "Padova"]
[Date "2005.12.11"]
[Round "3.24"]
[White "Calicchia, Giovanni"]
[Black "Mancin, Michele"]
[Result "1-0"]
[WhiteElo "1808"]
[BlackElo "1862"]
[PlyCount "89"]
[EventDate "2005.12.10"]
[EventType "swiss"]
[EventRounds "6"]
[EventCountry "ITA"]
[SourceTitle "EXT 2024"]
[Source "ChessBase"]
[SourceDate "2023.10.10"]
[SourceVersion "1"]
[SourceVersionDate "2023.10.10"]
[SourceQuality "1"]

1. e4 c5 2. Nc3 d6 3. g3 Nf6 4. Bg2 e6 5. Nge2 Nc6 6. d4 cxd4 7. Nxd4 Nxd4 8. Qxd4 e5 9. Qd3 h6 10. 0-0 Be7 11. h3 Be6 12. Rd1 a6 13. Be3 Qd7 14. Kh2 Rc8 15. f4 g5 16. fxe5 dxe5 17. Qe2 Qc6 18. Rac1 Bc4 19. Qf2 Bb4 20. Nd5 Nxd5 21. exd5 Qg6 22. b3 Bb5 23. c4 Bd7 24. Rf1 f5 25. Qb2 Qf6 26. a3 Be7 27. c5 f4 28. gxf4 gxf4 29. d6 Bd8 30. Rce1 Rg8 31. Bxf4 Be6 32. Qxe5 Kd7 33. Bxb7 Qxe5 34. Bxc8+ Kxc8 35. Rxe5 Kd7 36. b4 Bf6 37. Ree1 Bd5 38. Rg1 Rf8 39. Bxh6 Rf7 40. h4 Bxh4 41. Ref1 Bf6 42. Rxf6 Rxf6 43. Rg7+ Bf7 44. Bg5 Rf2+ 45. Kg3 1-0

[Event "Padova Weekend op-B 8th"]
[Site "Padova"]
[Date "2005.12.10"]
[Round "1.35"]
[White "Calicchia, Giovanni"]
[Black "Padoan, Riccardo"]
[Result "1-0"]
[WhiteElo "1808"]
[BlackElo "1455"]
[PlyCount "75"]
[EventDate "2005.12.10"]
[EventType "swiss"]
[EventRounds "6"]
[EventCountry "ITA"]
[SourceTitle "EXT 2024"]
[Source "ChessBase"]
[SourceDate "2023.10.10"]
[SourceVersion "1"]
[SourceVersionDate "2023.10.10"]
[SourceQuality "1"]

1. e4 e5 2. Nf3 Nc6 3. Bc4 Nf6 4. Ng5 d5 5. exd5 Nxd5 6. Nxf7 Kxf7 7. Qf3+ Ke8 8. Bxd5 Qf6 9. Bxc6+ Qxc6 10. Qxc6+ bxc6 11. 0-0 Bd6 12. Re1 Kd7 13. Nc3 Bb7 14. d3 Rhg8 15. Ne4 c5 16. Be3 Bxe4 17. dxe4 g5 18. Rad1 Kc6 19. Rd3 g4 20. c4 Rab8 21. Bc1 h5 22. Ra3 Rb7 23. Ree3 h4 24. Reb3 Rxb3 25. Rxb3 a5 26. Rb5 Ra8 27. a4 Ra6 28. Bd2 Rb6 29. Bc3 Rxb5 30. axb5+ Kb6 31. b3 c6 32. bxc6 Kxc6 33. Bxa5 Kd7 34. f3 gxf3 35. gxf3 Ke6 36. Kg2 Be7 37. Kh3 Kf7 38. Be1 1-0

[Event "Padua Province-ch"]
[Site "Monselice"]
[Date "2005.01.16"]
[Round "5"]
[White "Demiraj, Rumi"]
[Black "Calicchia, Giovanni"]
[Result "1-0"]
[WhiteElo "1967"]
[BlackElo "1811"]
[PlyCount "69"]
[EventDate "2005.01.08"]
[EventType "swiss"]
[EventRounds "6"]
[EventCountry "ITA"]
[SourceTitle "EXT 2024"]
[Source "ChessBase"]
[SourceDate "2023.10.10"]
[SourceVersion "1"]
[SourceVersionDate "2023.10.10"]
[SourceQuality "1"]

1. Nf3 Nf6 2. g3 g6 3. Bg2 Bg7 4. 0-0 0-0 5. c4 c5 6. d3 d6 7. Nc3 Nc6 8. e4 Bg4 9. a3 Nd4 10. h3 Nxf3+ 11. Bxf3 Bxh3 12. Bg2 Qd7 13. f3 Nh5 14. Kh2 Bxg2 15. Kxg2 Nf6 16. Rh1 h5 17. Be3 a6 18. a4 Rfb8 19. Qd2 Ne8 20. Nd5 b6 21. Bh6 e6 22. Nc3 Nf6 23. Bf4 Kf8 24. Qe2 e5 25. Bg5 Nh7 26. Bd2 Nf6 27. Bg5 Nh7 28. Bd2 Nf6 29. b3 Qe6 30. Raf1 Ke8 31. Rh4 Kd7 32. f4 exf4 33. Rfxf4 Rf8 34. Qf3 Ke7 35. Rxf6 1-0

[Event "Padua Province-ch"]
[Site "Monselice"]
[Date "2005.01.15"]
[Round "4"]
[White "Calicchia, Giovanni"]
[Black "Roberti, Ignazio"]
[Result "1-0"]
[WhiteElo "1811"]
[BlackElo "1975"]
[PlyCount "90"]
[EventDate "2005.01.08"]
[EventType "swiss"]
[EventRounds "6"]
[EventCountry "ITA"]
[SourceTitle "EXT 2024"]
[Source "ChessBase"]
[SourceDate "2023.10.10"]
[SourceVersion "1"]
[SourceVersionDate "2023.10.10"]
[SourceQuality "1"]

1. e4 c5 2. Nf3 Nf6 3. Nc3 e6 4. d4 cxd4 5. Nxd4 a6 6. Bg5 Be7 7. Be2 d6 8. 0-0 0-0 9. Qd2 b5 10. a3 Bb7 11. f3 Nbd7 12. Rad1 Re8 13. Kh1 Bf8 14. Nb3 Nc5 15. Nxc5 dxc5 16. Qf4 Qb6 17. Bxf6 gxf6 18. Qxf6 Bg7 19. Qf4 Rad8 20. h4 b4 21. axb4 cxb4 22. Na4 Qc6 23. b3 Qxc2 24. Rxd8 Rxd8 25. Bc4 e5 26. Qxf7+ Kh8 27. Qxb7 Qd2 28. Nc5 Qf4 29. Qxg7+ Kxg7 30. Ne6+ Kf6 31. Nxf4 exf4 32. Ra1 Ke5 33. Ra5+ Kf6 34. Rxa6+ Ke5 35. Ra5+ Kf6 36. Rf5+ Ke7 37. Rxf4 Kd6 38. Rf5 Ra8 39. e5+ Ke7 40. e6 Rc8 41. Rf7+ Ke8 42. Rxh7 Rc5 43. h5 Kf8 44. Kg1 Kg8 45. Rb7 Kf8 1-0

[Event "Padua Province-ch"]
[Site "Monselice"]
[Date "2005.01.09"]
[Round "2"]
[White "Calicchia, Giovanni"]
[Black "Sgaravatti, Francesco"]
[Result "0-1"]
[WhiteElo "1811"]
[BlackElo "2136"]
[PlyCount "70"]
[EventDate "2005.01.08"]
[EventType "swiss"]
[EventRounds "6"]
[EventCountry "ITA"]
[SourceTitle "EXT 2024"]
[Source "ChessBase"]
[SourceDate "2023.10.10"]
[SourceVersion "1"]
[SourceVersionDate "2023.10.10"]
[SourceQuality "1"]

1. e4 c5 2. Nf3 e6 3. d4 cxd4 4. Nxd4 Bc5 5. Be3 Qb6 6. b3 Nc6 7. c3 Nf6 8. f3 d5 9. b4 Bxd4 10. Bxd4 Nxd4 11. Qxd4 Qxd4 12. Bb5+ Bd7 13. Bxd7+ Kxd7 14. cxd4 dxe4 15. Nd2 exf3 16. Nxf3 Rac8 17. 0-0 Ke7 18. Rac1 Nd5 19. Ne5 f6 20. Nd3 Rhd8 21. Rfe1 b6 22. b5 Kd7 23. a4 Rxc1 24. Rxc1 Rc8 25. Rxc8 Kxc8 26. Kf2 Kc7 27. Kf3 Nc3 28. Nf4 Kd6 29. Nh5 Nxa4 30. Nxg7 Nc3 31. Ne8+ Ke7 32. Nc7 Kd7 33. Na6 Nxb5 34. Ke3 Nc7 35. Nb4 Nd5+ 0-1

[Event "Veneto-ch Quarti di Finale 64th"]
[Site "Arqua Petrarca"]
[Date "2004.05.16"]
[Round "5.20"]
[White "Canazza, Alessandro"]
[Black "Calicchia, Giovanni"]
[Result "1/2-1/2"]
[WhiteElo "1772"]
[BlackElo "1760"]
[PlyCount "55"]
[EventDate "2004.05.08"]
[EventType "swiss"]
[EventRounds "6"]
[EventCountry "ITA"]
[SourceTitle "EXT 2023"]
[Source "ChessBase"]
[SourceDate "2022.10.05"]
[SourceVersion "1"]
[SourceVersionDate "2022.10.05"]
[SourceQuality "1"]

1. c4 Nf6 2. Nc3 e5 3. g3 Nc6 4. Bg2 Bb4 5. d3 d5 6. cxd5 Nxd5 7. Bd2 Be6 8. a3 Nxc3 9. Bxc3 Bxc3+ 10. bxc3 Qd7 11. Rb1 Rb8 12. e3 0-0 13. Ne2 Bh3 14. 0-0 Bxg2 15. Kxg2 Ne7 16. d4 Rfd8 17. f3 exd4 18. cxd4 Nf5 19. Kf2 Qe7 20. e4 Nd6 21. Qa4 a6 22. Rfc1 Nb5 23. Rb3 c6 24. Rd3 h5 25. Qb4 Qxb4 26. axb4 Rd7 27. Ke3 Rbd8 28. Rc5 1/2-1/2

[Event "Veneto-ch Quarti di Finale 64th"]
[Site "Arqua Petrarca"]
[Date "2004.05.09"]
[Round "2.18"]
[White "Calicchia, Giovanni"]
[Black "Pechy, Alaster"]
[Result "1-0"]
[WhiteElo "1760"]
[BlackElo "2138"]
[PlyCount "90"]
[EventDate "2004.05.08"]
[EventType "swiss"]
[EventRounds "6"]
[EventCountry "ITA"]
[SourceTitle "EXT 2023"]
[Source "ChessBase"]
[SourceDate "2022.10.05"]
[SourceVersion "1"]
[SourceVersionDate "2022.10.05"]
[SourceQuality "1"]

1. e4 c5 2. Nf3 d6 3. d4 cxd4 4. Nxd4 Nf6 5. Nc3 g6 6. Be2 Bg7 7. 0-0 0-0 8. Kh1 Nc6 9. Be3 Bd7 10. f3 Qa5 11. Nb3 Qc7 12. Qd2 Ne5 13. Bh6 Nc4 14. Bxc4 Qxc4 15. Bxg7 Kxg7 16. Nd5 Nxd5 17. exd5 Rac8 18. Rac1 Rc7 19. Rfe1 Bf5 20. Qd4+ Qxd4 21. Nxd4 Rfc8 22. Nxf5+ gxf5 23. c3 Kf6 24. Re3 Rc5 25. Rce1 R8c7 26. Rd3 a5 27. f4 Rc4 28. g3 a4 29. a3 R7c5 30. Kg2 Re4 31. Rxe4 fxe4 32. Rd4 Kf5 33. Rxa4 Rxd5 34. Rd4 Rxd4 35. cxd4 e3 36. Kf3 e2 37. g4+ Ke6 38. Kxe2 Kd5 39. Kd3 e5 40. dxe5 dxe5 41. fxe5 Kxe5 42. a4 Kf4 43. b4 Kxg4 44. a5 Kf5 45. b5 Ke6 1-0

[Event "Veneto-ch qf 63rd"]
[Site "Arqua Petrarca"]
[Date "2003.05.04"]
[Round "2.9"]
[White "Pechy, Alaster"]
[Black "Calicchia, Giovanni"]
[Result "1-0"]
[WhiteElo "2115"]
[BlackElo "1690"]
[PlyCount "91"]
[EventDate "2003.05.03"]
[EventType "swiss"]
[EventRounds "6"]
[EventCountry "ITA"]
[SourceTitle "EXT 2024"]
[Source "ChessBase"]
[SourceDate "2023.10.10"]
[SourceVersion "1"]
[SourceVersionDate "2023.10.10"]
[SourceQuality "1"]

1. d4 Nf6 2. c4 g6 3. Nc3 Bg7 4. e4 d6 5. f3 0-0 6. Be3 e5 7. Nge2 Nc6 8. d5 Ne7 9. Qd2 c6 10. 0-0-0 cxd5 11. cxd5 a6 12. g4 Bd7 13. Ng3 Rc8 14. Kb1 b5 15. Rc1 b4 16. Nce2 Rxc1+ 17. Nxc1 a5 18. h4 Qb8 19. h5 Rc8 20. g5 Ne8 21. Bd3 Bb5 22. Nce2 Nc7 23. Rc1 Bxd3+ 24. Qxd3 Nb5 25. h6 Rxc1+ 26. Nxc1 Bh8 27. Nf1 f5 28. Nd2 f4 29. Bf2 Nd4 30. Ncb3 Nxb3 31. Nxb3 a4 32. Na5 Qc7 33. Qb5 Kf7 34. Qxb4 Nxd5 35. exd5 e4 36. fxe4 Be5 37. Nc4 Qe7 38. Nxe5+ Qxe5 39. Qb7+ Ke8 40. Qc8+ Kf7 41. Qe6+ Qxe6 42. dxe6+ Kxe6 43. Kc2 d5 44. Kd3 f3 45. Ke3 Ke5 46. Bg3+ 1-0

[Event "Padova op-A 5th"]
[Site "Padova"]
[Date "2002.12.15"]
[Round "3.15"]
[White "Scavazza, Giampaolo"]
[Black "Calicchia, Giovanni"]
[Result "1-0"]
[WhiteElo "1959"]
[BlackElo "1618"]
[PlyCount "47"]
[EventDate "2002.12.14"]
[EventType "swiss"]
[EventRounds "6"]
[EventCountry "ITA"]
[SourceTitle "EXT 2023"]
[Source "ChessBase"]
[SourceDate "2022.10.05"]
[SourceVersion "1"]
[SourceVersionDate "2022.10.05"]
[SourceQuality "1"]

1. e4 c5 2. Nf3 d6 3. d4 cxd4 4. Nxd4 Nf6 5. Nc3 a6 6. Bg5 e6 7. f4 Be7 8. Qe2 h6 9. Bxf6 Bxf6 10. 0-0-0 Qc7 11. g4 Nc6 12. Nxc6 Qxc6 13. Nd5 Be7 14. Nxe7 Kxe7 15. Bg2 b5 16. e5 d5 17. f5 Qc4 18. f6+ gxf6 19. exf6+ Kf8 20. Qe5 Qc5 21. g5 hxg5 22. Bxd5 Rg8 23. b4 Qxb4 24. Bxa8 1-0

[Event "Padova op-A 5th"]
[Site "Padova"]
[Date "2002.12.14"]
[Round "1.3"]
[White "Mrdja, Milan"]
[Black "Calicchia, Giovanni"]
[Result "1-0"]
[WhiteElo "2368"]
[BlackElo "1618"]
[PlyCount "83"]
[EventDate "2002.12.14"]
[EventType "swiss"]
[EventRounds "6"]
[EventCountry "ITA"]
[SourceTitle "EXT 2023"]
[Source "ChessBase"]
[SourceDate "2022.10.05"]
[SourceVersion "1"]
[SourceVersionDate "2022.10.05"]
[SourceQuality "1"]

1. e4 c5 2. Nf3 d6 3. d4 cxd4 4. Nxd4 Nf6 5. f3 a6 6. c4 g6 7. Nc3 Bg7 8. Be3 Nc6 9. Qd2 Nxd4 10. Bxd4 Be6 11. Be2 Rc8 12. b3 0-0 13. Rc1 Qa5 14. Be3 Nh5 15. 0-0 Rfe8 16. Rfd1 Bxc3 17. Rxc3 Nf6 18. Qb2 Qc7 19. Rcc1 h5 20. Bd4 Nh7 21. Qd2 f6 22. f4 Bf7 23. Bb2 Rcd8 24. Kh1 e5 25. Bf3 Qe7 26. g3 g5 27. Ba3 g4 28. Bg2 exf4 29. gxf4 h4 30. h3 gxh3 31. Bf3 Kh8 32. Bxd6 Qe6 33. f5 Qc8 34. Qf4 Rg8 35. Qxh4 Rg7 36. Be7 Rxd1+ 37. Rxd1 Qc6 38. Rd6 Qc7 39. Rd8+ Bg8 40. Bxf6 Qb6 41. Bxg7+ Kxg7 42. Qg3+ 1-0

[Event "Veneto-ch qf 62nd"]
[Site "Arqua Petrarca"]
[Date "2002.05.12"]
[Round "5.25"]
[White "Colusso, Enrico"]
[Black "Calicchia, Giovanni"]
[Result "0-1"]
[WhiteElo "1446"]
[BlackElo "1585"]
[PlyCount "110"]
[EventDate "2002.05.04"]
[EventType "swiss"]
[EventRounds "6"]
[EventCountry "ITA"]
[SourceTitle "EXT 2024"]
[Source "ChessBase"]
[SourceDate "2023.10.10"]
[SourceVersion "1"]
[SourceVersionDate "2023.10.10"]
[SourceQuality "1"]

1. e4 c5 2. Nf3 Nc6 3. Bb5 a6 4. Bxc6 bxc6 5. d3 d6 6. h3 Qc7 7. 0-0 e5 8. b3 Be7 9. Bb2 Nf6 10. Nbd2 0-0 11. c3 d5 12. exd5 cxd5 13. Re1 Bd6 14. Qc2 Nh5 15. c4 d4 16. Ne4 Re8 17. Nxd6 Qxd6 18. Bc1 Bb7 19. Ng5 f5 20. Qe2 Qg6 21. Nf3 Nf4 22. Bxf4 exf4 23. Nh4 Rxe2 24. Nxg6 Rxe1+ 25. Rxe1 hxg6 26. Re7 Rb8 27. Rc7 f3 28. g3 Bc8 29. Rxc5 Be6 30. Rc6 Kf7 31. Rd6 a5 32. Ra6 g5 33. Rxa5 g4 34. h4 Rb7 35. c5 Bd7 36. c6 Bxc6 37. Rxf5+ Ke6 38. Rf4 Ra7 39. Rxd4 Rxa2 40. Rxg4 Ra1+ 41. Kh2 Rf1 42. Rxg7 Rxf2+ 43. Kg1 Rb2 44. g4 Rxb3 45. d4 Bb5 46. Kf2 Be2 47. Rg5 Rd3 48. d5+ Kd6 49. h5 Ra3 50. Rf5 Ra8 51. Kg3 Rg8 52. Kh4 f2 53. Rxf2 Rxg4+ 54. Kh3 Re4 55. Rf5 Bg4+ 0-1

[Event "Veneto-ch qf 62nd"]
[Site "Arqua Petrarca"]
[Date "2002.05.11"]
[Round "4.18"]
[White "Calicchia, Giovanni"]
[Black "Lorenzini, Adriano"]
[Result "0-1"]
[WhiteElo "1585"]
[BlackElo "1723"]
[PlyCount "100"]
[EventDate "2002.05.04"]
[EventType "swiss"]
[EventRounds "6"]
[EventCountry "ITA"]
[SourceTitle "EXT 2024"]
[Source "ChessBase"]
[SourceDate "2023.10.10"]
[SourceVersion "1"]
[SourceVersionDate "2023.10.10"]
[SourceQuality "1"]

1. e4 c6 2. d4 d5 3. Nc3 dxe4 4. Nxe4 Nd7 5. Nf3 Ngf6 6. Ng3 e6 7. Bd3 c5 8. 0-0 Qc7 9. Re1 Bd6 10. c3 0-0 11. Bg5 h6 12. Bd2 b6 13. Qc1 Rd8 14. Bxh6 gxh6 15. Qxh6 Bf8 16. Qg5+ Bg7 17. h4 Nh7 18. Bxh7+ Kxh7 19. Qe7 Kg8 20. Ne5 Rf8 21. Nh5 Qd8 22. Qxd8 Rxd8 23. Nxg7 Kxg7 24. Nc6 Rh8 25. g3 Bb7 26. Ne5 Nxe5 27. dxe5 Rad8 28. Rad1 Bf3 29. Rd6 Rxd6 30. exd6 Rd8 31. Re3 Bd5 32. b3 Rxd6 33. Rd3 Rd7 34. c4 Bc6 35. Rxd7 Bxd7 36. f4 Bc6 37. Kf2 Be4 38. a3 Bc2 39. b4 Bb3 40. bxc5 bxc5 41. Ke3 f5 42. Kd3 Kh6 43. Kc3 Bd1 44. Kd2 Ba4 45. Ke3 Kh5 46. Ke2 Kg4 47. Kd2 Be8 48. Kc3 Kxg3 49. Kb3 Kxh4 50. a4 Kg3 0-1

[Event "Veneto-ch qf 62nd"]
[Site "Arqua Petrarca"]
[Date "2002.05.05"]
[Round "2.27"]
[White "Calicchia, Giovanni"]
[Black "Franco, Leopoldo"]
[Result "1-0"]
[WhiteElo "1585"]
[BlackElo "1400"]
[PlyCount "118"]
[EventDate "2002.05.04"]
[EventType "swiss"]
[EventRounds "6"]
[EventCountry "ITA"]
[SourceTitle "EXT 2024"]
[Source "ChessBase"]
[SourceDate "2023.10.10"]
[SourceVersion "1"]
[SourceVersionDate "2023.10.10"]
[SourceQuality "1"]

1. e4 e5 2. Nf3 d6 3. h3 b6 4. Nc3 Bb7 5. Bc4 c6 6. Bb3 Nd7 7. a3 g6 8. d4 Bg7 9. 0-0 h6 10. Be3 Ne7 11. Qd2 Qc7 12. Rad1 f6 13. Rfe1 0-0-0 14. d5 Nc5 15. Bxc5 bxc5 16. Bc4 f5 17. dxc6 Bxc6 18. Nd5 Bxd5 19. Bxd5 Nxd5 20. Qxd5 Rhe8 21. Rd3 Qb7 22. Qxb7+ Kxb7 23. Rd5 Kc7 24. Nd2 Rb8 25. Nc4 Bf8 26. f3 f4 27. Red1 Red8 28. Kf1 g5 29. Ke2 h5 30. b3 Be7 31. Nb2 Rg8 32. Nc4 Rbd8 33. b4 g4 34. bxc5 gxf3+ 35. Kxf3 dxc5 36. Nxe5 Rxd5 37. exd5 Bd6 38. Nc4 Rg3+ 39. Kf2 Re3 40. Nxd6 Kxd6 41. Rd2 Rxa3 42. c4 Rc3 43. Ra2 Rxc4 44. Rxa7 Kxd5 45. Rh7 Ke4 46. Re7+ Kf5 47. Rc7 Rc3 48. Rf7+ Kg5 49. Rf8 Rd3 50. Rc8 Rc3 51. Re8 Re3 52. Rg8+ Kf5 53. Rf8+ Ke4 54. Re8+ Kf5 55. Rf8+ Kg5 56. Rg8+ Kh6 57. Rh8+ Kg5 58. Rg8+ Kf5 59. Rf8+ Ke4 1-0

[Event "Veneto-ch Quarti di Finale 62nd"]
[Site "Arqua Petrarca"]
[Date "2002.05.??"]
[Round "1"]
[White "Vianello, Enrico"]
[Black "Calicchia, Giovanni"]
[Result "1-0"]
[WhiteElo "2136"]
[BlackElo "1585"]
[PlyCount "73"]
[EventDate "2002.05.04"]
[EventType "swiss"]
[EventRounds "6"]
[EventCountry "ITA"]
[SourceTitle "EXT 2023"]
[Source "ChessBase"]
[SourceDate "2022.10.05"]
[SourceVersion "1"]
[SourceVersionDate "2022.10.05"]
[SourceQuality "1"]

1. d4 Nf6 2. Bg5 g6 3. Bxf6 exf6 4. e3 Bg7 5. c4 c5 6. Nc3 cxd4 7. Qxd4 0-0 8. Nge2 Nc6 9. Qd2 f5 10. b3 Qa5 11. g3 d6 12. Bg2 Be6 13. 0-0 Rad8 14. Rac1 a6 15. Rfd1 Qc7 16. Nd5 Qb8 17. b4 Rfe8 18. b5 axb5 19. cxb5 Ne5 20. Qb4 Kh8 21. Nc7 Re7 22. b6 Bxa2 23. Ra1 Nc6 24. Bxc6 Bxa1 25. Rxa1 bxc6 26. Rxa2 Rxc7 27. bxc7 Qxc7 28. Qd4+ Kg8 29. Nf4 Qb7 30. Ra7 Qb1+ 31. Kg2 Qe4+ 32. Qxe4 fxe4 33. Rc7 c5 34. Nd5 h5 35. Nf6+ Kg7 36. Nxe4 d5 37. Nxc5 1-0

[Event "Padova Fornace op 4th"]
[Site "Padova"]
[Date "2001.12.23"]
[Round "5.26"]
[White "Calicchia, Giovanni"]
[Black "Chinellato, Marco"]
[Result "1-0"]
[WhiteElo "1600"]
[BlackElo "1416"]
[PlyCount "92"]
[EventDate "2001.12.15"]
[EventType "swiss"]
[EventRounds "6"]
[EventCountry "ITA"]
[SourceTitle "EXT 2024"]
[Source "ChessBase"]
[SourceDate "2023.10.10"]
[SourceVersion "1"]
[SourceVersionDate "2023.10.10"]
[SourceQuality "1"]

1. e4 c5 2. Nf3 Nc6 3. d4 cxd4 4. Nxd4 g6 5. Be3 Bg7 6. Nc3 Nf6 7. Be2 0-0 8. 0-0 d5 9. Nxc6 bxc6 10. exd5 cxd5 11. Bf3 Be6 12. Rb1 a5 13. a4 Rb8 14. Nb5 Bf5 15. Nd4 Qc8 16. Nxf5 Qxf5 17. c3 Rfd8 18. h3 e5 19. Re1 d4 20. cxd4 exd4 21. Bd2 d3 22. Bc3 h5 23. Qd2 Rdc8 24. Rbd1 Qd7 25. Qxd3 Qxa4 26. Qa6 Ne8 27. Ra1 Qd7 28. Qxa5 Rb5 29. Qa4 Qf5 30. Be2 Rbc5 31. Ba6 Ra8 32. Rxe8+ Rxe8 33. Qxe8+ Kh7 34. Bxg7 Kxg7 35. Re1 Ra5 36. Bc4 Rc5 37. b3 Ra5 38. Qe4 Qd7 39. Qe8 Qf5 40. Bxf7 Ra2 41. Qg8+ Kh6 42. Qh8+ Kg5 43. Re5 Ra1+ 44. Kh2 Rh1+ 45. Kxh1 Qxe5 46. Qxe5+ Kh6 1-0